• 首页
  • 本馆介绍
  • 公告通知
  • 最新文献
  • 馆藏检索
  • 电子资源
  • 读者导购
  • 参考咨询
  • 我的图书馆
  • 登录
  • 详细信息显示
  • 放入我的书架
  • 预约/预借图书
  • 作者相关作品
  • 分类相关作品
  • 丛书相关作品
  • 出版社相关作品

书目信息

  • 表格格式
  • 工作单格式
  • 卡片格式
题名:
点集拓扑学原理
    
 
作者: Baum 著 ;蒲思立 译
分册:  
出版信息: 北京   人民教育出版社  1981
页数: 152页
开本: 21cm
丛书名:
单 册:
中图分类: O189.11
科图分类:
主题词: 拓扑空间
电子资源:
ISBN:
000 00675nam0 2200241 45
001 0181005075
005 20060427093017.09
010    @dCNY0.69
091    @a13012.0630
100    @a19950410d1981 em y0chiy0121 ea
101 1  @achi@ceng
102    @aCN@b110000
105    @ay z 000yy
200 10 @a点集拓扑学原理@Adian ji tuo pu xue yuan li@f(美)John D. Baum著@F(mei)John D.Baum zhu@g蒲思立译
210    @a北京@c人民教育出版社@d1981
215    @a152页@d21cm
606    @a拓扑空间
690    @aO189.11@v3
701  0 @aBaum@4著
702  0 @a蒲思立@Apu si li@4译
801  0 @aCN@b上海图书馆@c20060427
801  2 @aCN@bNLC@c20051121
905    @dO189.11@e13@b111423@f1
    
    点集拓扑学原理/(美)John D. Baum著/蒲思立译.-北京:人民教育出版社,1981
    152页;21cm
    
    
    ISBN :CNY0.69
    
●
相关链接 在E读中查询图书 在五车中查询图书 在当当中查询图书 在豆瓣中查询图书


正题名:点集拓扑学原理     索取号:O189.11/13         预约/预借

序号 登录号 条形码 馆藏地/架位号 状态 备注
1 0111416   000397038   第三借阅区/ [索取号:O189.11/13] 在馆    
2 0111417   000396985   第三借阅区/ [索取号:O189.11/13] 在馆    
3 0111418   202139747   密集书库/ [索取号:O189.11/13] 在馆    
4 0111419   000397029   第三借阅区/ [索取号:O189.11/13] 在馆    
5 0111420   202301614   密集书库/ [索取号:O189.11/13] 在馆    
6 0111421   000397010   第三借阅区/ [索取号:O189.11/13] 在馆    
7 0111422   202301570   密集书库/ [索取号:O189.11/13] 在馆    
8 0111423   001939503   第三借阅区/ [索取号:O189.11/13] 在馆    
9 0111424   202094982   第二样本阅览室/ [索取号:O189.11/13] 在馆    
10 0111425   202301605   密集书库/ [索取号:O189.11/13] 在馆    
唐山师范学院图书馆 欢迎您!
大连网信软件有限公司© 版权所有